Bibliografía hispánica del inventario de la colección Auguste Rondel / (Record no. 16740)

MARC details
000 -LEADER
campo de control de longitud fija 00978nam a2200277 i 4500
001 - NÚMERO DE CONTROL
campo de control 16740
003 - IDENTIFICADOR DE NÚMERO DE CONTROL
campo de control ES-MaACL
005 - FECHA Y HORA DE LA ÚLTIMA TRANSACCIÓN
campo de control 20250824075712.0
007 - CAMPO FIJO DE DESCRIPCIÓN FÍSICA--INFORMACIÓN GENERAL
campo de control de longitud fija t|
008 - DATOS DE LONGITUD FIJA--INFORMACIÓN GENERAL
campo de control de longitud fija 001030s1999 gw ||||1| spa d
020 ## - NÚMERO INTERNACIONAL ESTÁNDAR DEL LIBRO
Número Internacional Estándar del Libro 3-931887-57-X
080 ## - NÚMERO DE LA CLASIFICACIÓN DECIMAL UNIVERSAL
Número de la Clasificación Decimal Universal 017.2 Rondel, Auguste
080 ## - NÚMERO DE LA CLASIFICACIÓN DECIMAL UNIVERSAL
Número de la Clasificación Decimal Universal 016:821.134.2-2
080 ## - NÚMERO DE LA CLASIFICACIÓN DECIMAL UNIVERSAL
Número de la Clasificación Decimal Universal 821.134.2-2:016
100 1# - ENTRADA PRINCIPAL--NOMBRE DE PERSONA
Nombre de persona Thion Soriano-Mollá, Dolores.
9 (RLIN) 109971
245 10 - MENCIÓN DEL TÍTULO
Título Bibliografía hispánica del inventario de la colección Auguste Rondel /
Mención de responsabilidad, etc. Dolores Thion Soriano-Mollá.
260 ## - PUBLICACIÓN, DISTRIBUCIÓN, ETC.
Lugar de publicación, distribución, etc. Kassel :
Nombre del editor, distribuidor, etc. Reichenberger,
Fecha de publicación, distribución, etc. 1999.
300 ## - DESCRIPCIÓN FÍSICA
Extensión 281 p. ;
Dimensiones 24 cm.
490 1# - MENCIÓN DE SERIE
Mención de serie Teatro del siglo de oro. Bibliografías y catálogos ;
Designación de volumen o secuencia 24
600 14 - PUNTO DE ACCESO ADICIONAL DE MATERIA--NOMBRE DE PERSONA
Nombre de persona Rondel, Auguste-
Subdivisión general Biblioteca-
Subdivisión de forma Catálogos.
9 (RLIN) 99507
650 #4 - PUNTO DE ACCESO ADICIONAL DE MATERIA--TÉRMINO DE MATERIA
Término de materia o nombre geográfico como elemento de entrada Teatro español-
Subdivisión de forma Bibliografías.
9 (RLIN) 17343
830 00 - PUNTO DE ACCESO ADICIONAL DE SERIE-TÍTULO UNIFORME
Título uniforme Teatro del Siglo de Oro.
Nombre de parte o sección de la obra Bibliografías y catálogos
Designación de volumen o secuencia 24
9 (RLIN) 183556
852 ## - LOCALIZACIÓN
Ubicación ES-MaACL
Número de control de estantería L-23628
Sublocalización o colección R.129021
itemnumber 17117
942 ## - ELEMENTOS DE ENTRADA SECUNDARIOS (KOHA)
Fuente del sistema de clasificación o colocación Clasificación decimal universal
Holdings
Estatus retirado Estado de pérdida Fuente del sistema de clasificación o colocación Estado de daño No para préstamo Colección Biblioteca de origen Biblioteca actual Ubicación en estantería Fecha de adquisición Total de préstamos Signatura topográfica completa Código de barras Visto por última vez Precio de reemplazo Tipo de ítem Koha Nota pública
    Clasificación decimal universal     Libros con dedicatorias Biblioteca del Ateneo de Madrid Biblioteca del Ateneo de Madrid Depósito 2 17/01/2008   L-23628 1017003 23/02/2023 23/02/2023 Libro impreso Dedicatoria autógrafa de la autora